Exploring through Ephesians. (Record no. 5834)

000 -LEADER
fixed length control field 00668nam a2200193 a 4500
001 - CONTROL NUMBER
control field :::00003576$&:&@@
003 - CONTROL NUMBER IDENTIFIER
control field OkBaRHE
005 - DATE AND TIME OF LATEST TRANSACTION
control field 20000607103307.0
008 - FIXED-LENGTH DATA ELEMENTS--GENERAL INFORMATION
fixed length control field j 000 0 eng u
040 ## - CATALOGING SOURCE
Transcribing agency
100 1# - MAIN ENTRY--PERSONAL NAME
Personal name McGee, J. Vernon, 1904-
245 10 - TITLE STATEMENT
Title Exploring through Ephesians.
260 ## - PUBLICATION, DISTRIBUTION, ETC. (IMPRINT)
Place of publication, distribution, etc Pasadena, CA., :
Name of publisher, distributor, etc Thru the Bible Books
Date of publication, distribution, etc nd
300 ## - PHYSICAL DESCRIPTION
Extent 92 p. ;
Dimensions 21 cm.
650 ## - SUBJECT ADDED ENTRY--TOPICAL TERM
Topical term or geographic name as entry element Bible New Testament Ephesians
General subdivision Commentaries
942 ## - ADDED ENTRY ELEMENTS (KOHA)
Source of classification or shelving scheme
Koha item type Books
Copies
Full call number Permanent Location Damaged status Price effective from Withdrawn status Shelving location Not for loan Copy number Barcode Date acquired Koha item type Source of classification or shelving scheme Date last seen Lost status
BS 2695 .M44RHEMA Bible Training College 2010-04-14 General Stacks 135762010-04-14Books 2018-04-03 
BS 2695 .M44RHEMA Bible Training College 2010-04-14 General Stacks 2210742010-04-14Books 2018-04-03